[Event "XII Open A"]
[Site "Verona ITA"]
[Date "2006.01.04"]
[Round "4"]
[White "Scharrer, Patrick"]
[Black "Rombaldoni, Axel"]
[Result "1/2-1/2"]
[WhiteElo "2179"]
[BlackElo "2123"]
[PlyCount "161"]
[EventDate "2006.01.02"]

1.e4 c5 2.Nf3 Nc6 3.d3 d6 4.g3 g6 5.Bg2 Bg7 6.O-O e5 7.c3 Nge7 8.a3 a5 9.
a4 O-O 10.Na3 d5 11.exd5 Nxd5 12.Re1 Re8 13.Qb3 Nc7 14.Nc4 Rb8 15.Ng5 Be6 
16.Nxe6 Rxe6 17.Be3 Bf8 18.Rad1 Nd5 19.Bc1 Nde7 20.Bh3 Nf5 21.Ne3 Nce7 22.
Nxf5 Nxf5 23.Bxf5 gxf5 24.d4 cxd4 25.cxd4 e4 26.Qb5 Bb4 27.Re2 Qf6 28.d5 
Rb6 29.Qc4 Rd8 30.Be3 Rbd6 31.Rc2 R6d7 32.Qb5 Qa6 33.Qxa6 bxa6 34.Rc6 Rxd5
35.Rxd5 Rxd5 36.Bh6 Rd8 37.Rxa6 Rc8 38.Kf1 Re8 39.Ke2 Rd8 40.h3 Re8 41.Rc6
Rd8 42.Rb6 Rc8 43.Ra6 Rd8 44.Rc6 Re8 45.Ke3 Be1 46.Rc2 Rd8 47.Ke2 Bb4 48.
Rc6 Re8 49.Kd1 Rd8+ 50.Ke2 Re8 51.b3 Rd8 52.Rb6 Rc8 53.h4 Rd8 54.Rb5 f6 
55.Rxf5 Kf7 56.Rb5 Rd3 57.h5 Rxb3 58.Rb7+ Kg8 59.Rg7+ Kh8 60.Rg4 f5 61.Rg5
Rb2+ 62.Kd1 Bd2 63.Bg7+ Kg8 64.Bxb2+ Bxg5 65.Bc3 Bd8 66.Ke2 Bb6 67.Kd2 
Bxf2 68.Bxa5 Bxg3 69.Bb6 Kg7 70.a5 Kh6 71.a6 Bb8 72.Ke3 Kxh5 73.a7 Bxa7 
74.Bxa7 Kg4 75.Bb8 h5 76.Bh2 h4 77.Be5 Kh3 78.Kf2 Kg4 79.Ke3 Kg5 80.Bc7 
Kf6 81.Bd8+ 1/2-1/2

[Event "XII Open A"]
[Site "Verona ITA"]
[Date "2006.01.04"]
[Round "4"]
[White "Stojanovic, Mihajlo"]
[Black "Calzetta Ruiz, Monica"]
[Result "1-0"]
[WhiteElo "2532"]
[BlackElo "2314"]
[PlyCount "85"]
[EventDate "2006.01.02"]

1.d4 Nf6 2.Nf3 c5 3.c3 Qb6 4.a3 d5 5.e3 Nc6 6.b4 cxb4 7.axb4 Bd7 8.b5 Nb8 
9.c4 dxc4 10.Bxc4 e6 11.Nc3 Bb4 12.Qb3 Nd5 13.Bd2 Bxc3 14.Bxc3 Nxc3 15.
Qxc3 O-O 16.Qb3 Be8 17.O-O Nd7 18.Ra3 Nf6 19.Rfa1 Ne4 20.Bd3 Nd6 21.Ra5 g6
22.Ne5 a6 23.Qb1 Nxb5 24.Bxb5 Bxb5 25.Nd7 Qd6 26.Nxf8 Rxf8 27.Qe4 b6 28.
R5a2 Rc8 29.Rc2 Rxc2 30.Qxc2 a5 31.h4 a4 32.Qc8+ Kg7 33.Rc1 a3 34.Ra1 Bc6 
35.Qa6 Qd5 36.f3 Qd8 37.Qxa3 Qxh4 38.Qd6 Qg5 39.Kf2 Qb5 40.Ra7 h5 41.Qxe6 
Bd5 42.Qe5+ Kh7 43.Rxf7+ 1-0

[Event "XII Open A"]
[Site "Verona ITA"]
[Date "2006.01.04"]
[Round "4"]
[White "Vianello, Enrico"]
[Black "Luciani, Valerio"]
[Result "0-1"]
[WhiteElo "2087"]
[BlackElo "2249"]
[PlyCount "180"]
[EventDate "2006.01.02"]

1.d4 d5 2.c4 c6 3.Nc3 Nf6 4.Bg5 Nbd7 5.e3 e6 6.Nf3 Bd6 7.Rc1 dxc4 8.Bxc4 
b5 9.Bd3 Bb7 10.O-O a6 11.Ne4 Be7 12.Qe2 Qb6 13.Nxf6+ gxf6 14.Bf4 c5 15.
Rfd1 c4 16.Bb1 O-O 17.Bh6 Rfd8 18.Nh4 Bf8 19.Qg4+ Kh8 20.Nf5 Bxh6 21.Nxh6 
Rf8 22.Qh5 Kg7 23.e4 b4 24.Rxc4 Qb5 25.Qxb5 axb5 26.Rc7 Bc8 27.Ng4 Nb6 28.
Ne3 Na4 29.Rd2 Rd8 30.d5 e5 31.Bd3 Rb8 32.Ra7 Nc5 33.Kf1 Rd7 34.Rxd7 Bxd7 
35.b3 Kf8 36.Ke2 Ke7 37.Nc2 Na6 38.Rd1 Kd6 39.Ra1 Rb6 40.a3 bxa3 41.b4 f5 
42.f3 fxe4 43.fxe4 f5 44.Rxa3 f4 45.Kd2 h5 46.Be2 h4 47.h3 Nc7 48.Ne1 Rb8 
49.Nf3 Rh8 50.Ra7 Rg8 51.Nxh4 Bc8 52.Bf1 Rg3 53.Kc2 Re3 54.Bd3 Rg3 55.Kc3 
Nxd5+ 56.exd5 e4 57.Kd4 exd3 58.Ra2 d2 59.Rxd2 Rb3 60.Ke4 Rxb4+ 61.Rd4 Rb2
62.Kxf4 b4 63.g4 Kc5 64.Rd1 b3 65.Nf3 Kd6 66.Nd4 Ba6 67.Nf5+ Kd7 68.Nd4 
Bc4 69.Ke5 Rh2 70.Rb1 b2 71.Nf3 Re2+ 72.Kd4 Ba2 73.Kd3 Bxb1+ 74.Kxe2 Bd3+ 
75.Kxd3 b1=Q+ 76.Ke3 Qb3+ 77.Kf4 Qxd5 78.Ne5+ Ke6 79.Nf3 Qc4+ 80.Kg3 Kf6 
81.Nh4 Qf1 82.Nf3 Qh1 83.h4 Qd1 84.Ng5 Qg1+ 85.Kf3 Qh1+ 86.Kg3 Qe1+ 87.Kf3
Qxh4 88.Ne4+ Ke5 89.Ng3 Qh3 90.g5 Qh4 0-1

[Event "XII Open A"]
[Site "Verona ITA"]
[Date "2006.01.05"]
[Round "5"]
[White "Calzetta Ruiz, Monica"]
[Black "Caruso, Augusto"]
[Result "1-0"]
[WhiteElo "2314"]
[BlackElo "2232"]
[PlyCount "38"]
[EventDate "2006.01.02"]

1.e4 d5 2.exd5 Nf6 3.d4 Qxd5 4.Nf3 Bg4 5.Be2 Nc6 6.O-O O-O-O 7.Be3 e6 8.c4
Qa5 9.h3 h5 10.Nbd2 g5 11.hxg4 hxg4 12.Nb3 Qf5 13.Bd3 Ne4 14.Nxg5 Qg6 15.
Bxe4 Qh5 16.f4 f6 17.Nxe6 Re8 18.d5 Ne7 19.d6 b6 1-0

[Event "XII Open A"]
[Site "Verona ITA"]
[Date "2006.01.05"]
[Round "5"]
[White "Danieli, Enrico"]
[Black "Chierici, Marianna"]
[Result "0-1"]
[WhiteElo "2164"]
[BlackElo "1934"]
[PlyCount "68"]
[EventDate "2006.01.02"]

1.d4 d6 2.Nf3 Nd7 3.Bf4 Ngf6 4.e3 g6 5.h3 Bg7 6.Be2 O-O 7.O-O Re8 8.c3 a6 
9.a4 c5 10.b4 Nd5 11.Bg3 cxb4 12.cxb4 Nxb4 13.Qb3 Nc6 14.Bc4 Rf8 15.Ng5 
Qe8 16.a5 h6 17.Ne4 Kh7 18.Nbc3 f5 19.Nd5 Qd8 20.Nf4 Nxa5 21.Rxa5 Qxa5 22.
Bf7 Rxf7 23.Qxf7 Nf8 24.Bh4 fxe4 25.Bxe7 Qf5 26.Qe8 b5 27.Qc6 Ra7 28.Qxd6 
Ne6 29.Rc1 Nxf4 30.exf4 Qe6 31.Qb8 Rxe7 32.Rxc8 e3 33.fxe3 Qxe3+ 34.Kh2 
Bxd4 0-1

[Event "XII Open A"]
[Site "Verona ITA"]
[Date "2006.01.05"]
[Round "5"]
[White "De Santis, Alessio"]
[Black "Luciani, Valerio"]
[Result "1/2-1/2"]
[WhiteElo "2373"]
[BlackElo "2249"]
[PlyCount "31"]
[EventDate "2006.01.02"]

1.Nf3 f5 2.d3 d6 3.g3 Nf6 4.Bg2 e5 5.O-O Be7 6.c3 c6 7.Nbd2 O-O 8.Qb3+ Kh8
9.e4 Qb6 10.Qc2 fxe4 11.dxe4 Be6 12.b3 Nbd7 13.c4 a5 14.h3 Nc5 15.Ba3 Nfd7
16.Kh2 1/2-1/2

[Event "XII Open A"]
[Site "Verona ITA"]
[Date "2006.01.05"]
[Round "5"]
[White "Estremera Panos, Sergio"]
[Black "Dvirnyy, Danyyil"]
[Result "1-0"]
[WhiteElo "2361"]
[BlackElo "2265"]
[PlyCount "83"]
[EventDate "2006.01.02"]

1.d4 Nf6 2.c4 g6 3.Nc3 Bg7 4.e4 d6 5.Nf3 O-O 6.Be2 e5 7.O-O Nc6 8.d5 Ne7 
9.b4 Nh5 10.Re1 f5 11.Ng5 Nf4 12.Bxf4 exf4 13.Rc1 h6 14.Ne6 Bxe6 15.dxe6 
Bxc3 16.Rxc3 fxe4 17.Bg4 Nc6 18.Rxe4 Qg5 19.Qd5 Ne7 20.Qxg5 hxg5 21.Ra3 
Kg7 22.Ra5 a6 23.Rxg5 b6 24.Bf3 a5 25.Rd4 Rad8 26.bxa5 c5 27.Re4 bxa5 28.
Rg4 Rb8 29.h3 Rb1+ 30.Kh2 Rb2 31.Rgxf4 Rxa2 32.Rxf8 Kxf8 33.Rf4+ Ke8 34.
Rh4 Kf8 35.Rf4+ Ke8 36.Rh4 Kf8 37.Rh7 a4 38.h4 Ra1 39.h5 Re1 40.Rf7+ Ke8 
41.h6 Rxe6 42.h7 1-0

[Event "XII Open A"]
[Site "Verona ITA"]
[Date "2006.01.05"]
[Round "5"]
[White "Facchetti, Gianni"]
[Black "Frigieri, Fabrizio"]
[Result "1-0"]
[WhiteElo "2131"]
[BlackElo "2096"]
[PlyCount "71"]
[EventDate "2006.01.02"]

1.e4 c5 2.Nf3 Nc6 3.Bb5 e6 4.Bxc6 bxc6 5.d3 d5 6.Nbd2 Ne7 7.O-O Ng6 8.Re1 
Be7 9.Nf1 O-O 10.Ng3 Rb8 11.b3 Qc7 12.Bb2 c4 13.dxc4 dxc4 14.Qd4 e5 15.
Qxc4 Qb6 16.Qf1 f6 17.Bc1 Rd8 18.Be3 Qa5 19.Qc4+ Kh8 20.Red1 Ba6 21.Qxc6 
Bb5 22.Rd5 Nf4 23.Rxd8+ Rxd8 24.Qb7 Qxa2 25.Qxa7 Ba6 26.Rf1 Qa3 27.Rb1 Qb2
28.Re1 Qa3 29.Nf5 Bf8 30.Bxf4 exf4 31.h4 g6 32.Qb6 Re8 33.Qxf6+ Kg8 34.Ng5
Re7 35.Nxe7+ Qxe7 36.Qxa6 1-0

[Event "XII Open A"]
[Site "Verona ITA"]
[Date "2006.01.05"]
[Round "5"]
[White "Guido, Flavio"]
[Black "Ivanov, Mikhail M."]
[Result "0-1"]
[WhiteElo "2305"]
[BlackElo "2447"]
[PlyCount "56"]
[EventDate "2006.01.02"]

1.e4 e6 2.d4 d5 3.e5 Bd7 4.Nf3 a6 5.Be2 Bb5 6.O-O Ne7 7.b3 Bxe2 8.Qxe2 Nf5
9.Rd1 Be7 10.c4 c6 11.Ba3 O-O 12.Bxe7 Qxe7 13.Nc3 Nd7 14.Rac1 f6 15.Rd2 
Rae8 16.Re1 fxe5 17.Nxe5 Nxe5 18.dxe5 Qg5 19.Rd3 Rf7 20.Rf1 h5 21.f4 Qg6 
22.Nb1 Ref8 23.Nd2 Ne7 24.Rdf3 Qc2 25.R3f2 g6 26.a4 Qc3 27.g3 Nf5 28.Rf3 
Nd4 0-1

[Event "XII Open A"]
[Site "Verona ITA"]
[Date "2006.01.05"]
[Round "5"]
[White "Kafka, Graeme"]
[Black "Capitelli, Paolo"]
[Result "1/2-1/2"]
[WhiteElo "2135"]
[BlackElo "2158"]
[PlyCount "37"]
[EventDate "2006.01.02"]

1.e4 c5 2.Nf3 e6 3.d4 cxd4 4.Nxd4 Nf6 5.Nc3 Nc6 6.Ndb5 Bb4 7.a3 Bxc3+ 8.
Nxc3 d5 9.exd5 exd5 10.Bd3 O-O 11.O-O Bg4 12.f3 Bh5 13.Bg5 Qb6+ 14.Kh1 Ne4
15.Nxe4 dxe4 16.Bxe4 Qxb2 17.Qd2 Bg6 18.Rfb1 Qe5 19.Bf4 1/2-1/2

[Event "XII Open A"]
[Site "Verona ITA"]
[Date "2006.01.05"]
[Round "5"]
[White "Naumkin, Igor"]
[Black "Mrdja, Milan"]
[Result "0-1"]
[WhiteElo "2456"]
[BlackElo "2332"]
[PlyCount "58"]
[EventDate "2006.01.02"]

1.d4 g6 2.c4 Bg7 3.Nc3 c5 4.d5 Bxc3+ 5.bxc3 f5 6.h4 Nf6 7.h5 Rg8 8.hxg6 
hxg6 9.Nh3 Qa5 10.Qc2 d6 11.a4 Nbd7 12.Nf4 Nb6 13.e3 Bd7 14.Rh6 Kf7 15.Bd2
Rh8 16.Rxg6 Rh1 17.f3 Rah8 18.Kf2 Nxc4 19.Re1 Rxf1+ 20.Rxf1 Qxa4 21.Rc1 
Qxc2 22.Rxc2 a5 23.Be1 Nxd5 24.Nxd5 Kxg6 25.Nxe7+ Kf7 26.Nd5 a4 27.e4 a3 
28.exf5 Bxf5 29.Re2 Re8 0-1

[Event "XII Open A"]
[Site "Verona ITA"]
[Date "2006.01.05"]
[Round "5"]
[White "Opacic, Alexandar"]
[Black "Miatello, Alberto"]
[Result "1-0"]
[WhiteElo "2104"]
[BlackElo "2077"]
[PlyCount "49"]
[EventDate "2006.01.02"]

1.e4 c5 2.Nf3 e6 3.d4 cxd4 4.Nxd4 Nf6 5.Nc3 a6 6.Be3 Qc7 7.Be2 d6 8.O-O 
Bd7 9.Nb3 b5 10.a3 Nc6 11.f4 Be7 12.Kh1 O-O 13.Bd3 Rfd8 14.Qe1 g6 15.f5 
Ne5 16.Nd4 Nxd3 17.cxd3 e5 18.fxg6 exd4 19.gxf7+ Kxf7 20.Nd5 Qc2 21.Qh4 
Rg8 22.Rxf6+ Ke8 23.Bg5 Rg7 24.Nxe7 Rxe7 25.Qh5+ 1-0

[Event "XII Open A"]
[Site "Verona ITA"]
[Date "2006.01.05"]
[Round "5"]
[White "Popa, Florin"]
[Black "Barberi, Alessandro"]
[Result "1-0"]
[WhiteElo "2206"]
[BlackElo "2113"]
[PlyCount "99"]
[EventDate "2006.01.02"]

1.e4 g6 2.d4 Bg7 3.f4 d6 4.Nf3 Nf6 5.e5 dxe5 6.fxe5 Nh5 7.Bc4 O-O 8.Ng5 
Nc6 9.c3 Bxe5 10.dxe5 Qxd1+ 11.Kxd1 Nxe5 12.Be2 Rd8+ 13.Ke1 Bf5 14.Rf1 
Nd3+ 15.Bxd3 Rxd3 16.Nxf7 Kxf7 17.g4 Rad8 18.Nd2 Ng7 19.gxf5 gxf5 20.Ke2 
R3d5 21.Nf3 Ne6 22.Be3 f4 23.Bf2 b6 24.Rad1 R5d6 25.Rg1 h6 26.Rxd6 cxd6 
27.Rg4 Kf6 28.Nh4 Ke5 29.Rg6 Rh8 30.Kd3 Rh7 31.c4 Nc5+ 32.Bxc5 bxc5 33.Rg8
Rf7 34.Nf3+ Kf5 35.h3 e5 36.Nh4+ Ke6 37.Rg6+ Rf6 38.Rxf6+ Kxf6 39.Ke4 a5 
40.b3 Kg5 41.Nf3+ Kf6 42.Nd2 h5 43.Nf3 Kg6 44.Nd2 Kg5 45.Nf3+ Kg6 46.h4 
Kf6 47.Nd2 Kg6 48.Nb1 Kf6 49.Nc3 Ke6 50.Nd5 1-0

[Event "XII Open A"]
[Site "Verona ITA"]
[Date "2006.01.05"]
[Round "5"]
[White "Rotstein, Arkadij"]
[Black "Lettieri, Giuseppe"]
[Result "0-1"]
[WhiteElo "2520"]
[BlackElo "2260"]
[PlyCount "120"]
[EventDate "2006.01.02"]

1.c4 Nf6 2.Nf3 c5 3.d4 cxd4 4.Nxd4 g6 5.Nc3 Bg7 6.e4 d6 7.Be2 O-O 8.Be3 
Nc6 9.f3 Nxd4 10.Bxd4 Bd7 11.O-O Bc6 12.Qd2 a5 13.b3 Nd7 14.Be3 Nc5 15.
Rab1 Qb6 16.Nd5 Bxd5 17.exd5 Qb4 18.Rfc1 Rfc8 19.Rc2 Qxd2 20.Bxd2 Bd4+ 21.
Kf1 Rc7 22.Be1 Nd7 23.Rd1 Bc5 24.f4 Bb4 25.Bh4 Nc5 26.Be1 Ra6 27.Rb1 Rb6 
28.g3 Bxe1 29.Kxe1 Rb4 30.Kd2 b5 31.cxb5 Ne4+ 32.Kc1 Nc3 33.Bd3 Nxb5 34.
Bxb5 Rxc2+ 35.Kxc2 Rxb5 36.Rd1 Kf8 37.Rd4 Ke8 38.a3 Kd7 39.b4 e5 40.dxe6+ 
fxe6 41.Kb3 axb4 42.axb4 g5 43.Kc4 Rf5 44.g4 Rf8 45.fxg5 e5 46.Rd3 Rf4+ 
47.Kb5 Rxg4 48.Rh3 e4 49.Rxh7+ Ke6 50.Kc4 Rxg5 51.Rh3 Ke5 52.b5 d5+ 53.Kc5
d4 54.b6 d3 55.b7 Rg8 56.Rh5+ Kf4 57.Rd5 Ke3 58.Kc4 Rb8 59.Rb5 d2 60.Rb3+ 
Ke2 0-1

[Event "XII Open A"]
[Site "Verona ITA"]
[Date "2006.01.05"]
[Round "5"]
[White "Sciortino, Massimo"]
[Black "Bertani, Gianfranco"]
[Result "0-1"]
[WhiteElo "2260"]
[BlackElo "2116"]
[PlyCount "110"]
[EventDate "2006.01.02"]

1.Nf3 c5 2.e4 Nc6 3.d4 cxd4 4.Nxd4 Nf6 5.Nc3 d6 6.f3 e6 7.Be3 Be7 8.Qd2 
O-O 9.O-O-O a6 10.g4 Qc7 11.Kb1 b5 12.g5 Nd7 13.h4 Bb7 14.h5 Nde5 15.Qg2 
Nxd4 16.Bxd4 Rac8 17.f4 b4 18.Na4 Nf3 19.Nb6 Qxc2+ 20.Qxc2 Rxc2 21.Bxg7 
Rd2 22.Rxd2 Nxd2+ 23.Kc1 Kxg7 24.h6+ Kh8 25.Kxd2 Bxe4 26.Rg1 a5 27.Bd3 Bg6
28.Rc1 d5 29.Nd7 Ra8 30.Rc6 a4 31.Nb6 Rd8 32.Bxg6 hxg6 33.Rc7 Re8 34.Nxa4 
e5 35.fxe5 Bxg5+ 36.Kd3 Rxe5 37.Rxf7 Bxh6 38.Rb7 Bf8 39.Nb6 Rf5 40.Nd7 Be7
41.Nb6 Bc5 42.Na4 Bf8 43.Rd7 Bg7 44.Kc2 g5 45.Nb6 Rf2+ 46.Kd3 d4 47.Nc4 g4
48.Rd5 Bf6 49.Rh5+ Kg7 50.Rh1 Kg6 51.a4 bxa3 52.bxa3 Kf5 53.Nd2 g3 54.Rg1 
Bg5 55.Ne4 Rf3+ 0-1

[Event "XII Open A"]
[Site "Verona ITA"]
[Date "2006.01.05"]
[Round "5"]
[White "Shytaj, Luca"]
[Black "Arlandi, Ennio"]
[Result "1/2-1/2"]
[WhiteElo "2425"]
[BlackElo "2458"]
[PlyCount "74"]
[EventDate "2006.01.02"]

1.e4 c5 2.Nf3 e6 3.d4 cxd4 4.Nxd4 Nf6 5.Nc3 d6 6.g4 h6 7.h3 Nc6 8.Be3 a6 
9.Qe2 Nxd4 10.Bxd4 e5 11.Be3 Be6 12.Bg2 Rc8 13.Nd5 Bxd5 14.exd5 Be7 15.
O-O-O Nd7 16.h4 Bxh4 17.f4 O-O 18.g5 exf4 19.gxh6 fxe3 20.hxg7 Kxg7 21.
Rdg1 Bg5 22.Bh3 f6 23.Bf5 Rh8 24.Rxh8 Qxh8 25.Bxd7 Rc7 26.Be6 Qh7 27.b3 
Qe4 28.Kb1 a5 29.a4 Kf8 30.Qh2 Ke7 31.Rg2 Qg6 32.Qh8 Qe8 33.Qh2 Qf8 34.Qh1
Qg7 35.Rh2 Qg6 36.Rh7+ Kd8 37.Rh8+ Ke7 1/2-1/2

[Event "XII Open A"]
[Site "Verona ITA"]
[Date "2006.01.05"]
[Round "5"]
[White "Trabert, Bettina"]
[Black "Astengo, Corrado"]
[Result "1/2-1/2"]
[WhiteElo "2276"]
[BlackElo "2121"]
[PlyCount "204"]
[EventDate "2006.01.02"]

1.e4 c5 2.Nf3 e6 3.d4 cxd4 4.Nxd4 a6 5.Nc3 Qc7 6.Be2 b5 7.a3 Bb7 8.O-O Nc6
9.Be3 Nf6 10.f4 Nxd4 11.Qxd4 Rc8 12.Bf3 Bc5 13.Qxc5 Qxc5 14.Bxc5 Rxc5 15.
Rad1 Rxc3 16.bxc3 Bxe4 17.Rd6 Bxc2 18.Rxa6 Ke7 19.Rc1 Bd3 20.Rd1 Bc4 21.
Ra7 Rc8 22.Kf2 Bb3 23.Rd3 Bc4 24.Rd2 Bb3 25.Rd3 Bc4 26.Re3 Bd5 27.Ke1 Bc4 
28.Kd2 Nd5 29.Bxd5 Bxd5 30.g3 Rc5 31.Rd3 Bc6 32.Rd4 Bd5 33.Ra5 Kd6 34.a4 
bxa4 35.Rxc5 Kxc5 36.Rxa4 Kd6 37.Kd3 Ke7 38.Kd4 h6 39.Ra5 Bf3 40.Ke3 Bd1 
41.Ra7 g6 42.Kd4 Kd6 43.c4 Bf3 44.c5+ Ke7 45.Kc4 Be2+ 46.Kb4 Bf3 47.Ka5 
Be4 48.Kb6 Bd5 49.Kc7 Be4 50.Ra6 Bc2 51.Kc8 Bd3 52.Rb6 Bc2 53.Rb4 Bd3 54.
Kc7 Be2 55.Rb6 Bd3 56.Kc8 Be2 57.h3 Bf1 58.h4 Be2 59.Kc7 Bd3 60.Rb4 Be2 
61.Rb3 Bf1 62.Rb2 Bd3 63.Kb6 Be4 64.Kc7 Bd5 65.Rb6 Bc4 66.Kc8 Bd3 67.Rb4 
Be2 68.Rb3 Bc4 69.Rb2 Bd3 70.Kc7 Be4 71.Ra2 Bd5 72.Ra7 Bc4 73.Ra3 Bd5 74.
Ra6 Bc4 75.Rd6 Bb5 76.Kc8 Ba4 77.Rb6 Ke8 78.Rb7 Ke7 79.Rc7 Bb5 80.Kb7 Ba4 
81.Kb6 Kd8 82.Rb7 Ke7 83.Ra7 Bc6 84.Ra3 Be4 85.Kc7 Bd5 86.Rd3 Bc6 87.Rd6 
Bb5 88.Kb6 Ba4 89.Ka5 Bc6 90.Ka6 Ba4 91.Kb6 Kd8 92.Ka5 Bc6 93.Kb6 Ba4 94.
Kb7 Ke7 95.Kc8 Bb5 96.Kc7 Ba4 97.Rb6 Bc2 98.Kc8 Ba4 99.Ra6 Bb5 100.Ra7 Bc6
101.Rc7 Bb5 102.Kb8 Ba4 1/2-1/2

[Event "XII Open A"]
[Site "Verona ITA"]
[Date "2006.01.06"]
[Round "6"]
[White "Astengo, Corrado"]
[Black "Guido, Flavio"]
[Result "0-1"]
[WhiteElo "2121"]
[BlackElo "2305"]
[PlyCount "44"]
[EventDate "2006.01.02"]

1.e4 c5 2.Nf3 e6 3.d4 cxd4 4.Nxd4 Nf6 5.Nc3 d6 6.g4 Be7 7.g5 Nfd7 8.Rg1 
O-O 9.Be3 Nb6 10.Qh5 d5 11.O-O-O Bb4 12.Nde2 Nc4 13.Bd4 Qa5 14.exd5 e5 15.
Ng3 Nxb2 16.Nce4 exd4 17.Nf6+ gxf6 18.Qh6 Qxa2 19.c3 Qa1+ 20.Kc2 Qxd1+ 21.
Kxb2 dxc3+ 22.Ka2 Qc2+ 0-1

[Event "XII Open A"]
[Site "Verona ITA"]
[Date "2006.01.06"]
[Round "6"]
[White "Borgo, Giulio"]
[Black "Calzetta Ruiz, Monica"]
[Result "1-0"]
[WhiteElo "2418"]
[BlackElo "2314"]
[PlyCount "71"]
[EventDate "2006.01.02"]

1.Nf3 c5 2.c4 g6 3.e4 Nc6 4.d4 cxd4 5.Nxd4 Nf6 6.Nc3 d6 7.Be2 Nxd4 8.Qxd4 
Bg7 9.Be3 O-O 10.Qd2 a5 11.Rc1 a4 12.f3 Qa5 13.Nb5 Qxd2+ 14.Kxd2 Bd7 15.
Rc2 Rfc8 16.Rhc1 Bc6 17.Nc3 Nd7 18.Nd5 Kf8 19.Bg5 Bxd5 20.cxd5 Nc5 21.Rb1 
Rc7 22.Rc4 Rac8 23.Kd1 b5 24.Rb4 Rb8 25.Rxb5 Rxb5 26.Bxb5 Rb7 27.Bc6 Rxb2 
28.Rxb2 Bxb2 29.Kc2 Bd4 30.Bh6+ Kg8 31.g4 e5 32.dxe6 fxe6 33.Bf4 e5 34.Bg5
Kf7 35.Bd5+ Ke8 36.Bh6 1-0

[Event "XII Open A"]
[Site "Verona ITA"]
[Date "2006.01.06"]
[Round "6"]
[White "Capitelli, Paolo"]
[Black "Rotstein, Arkadij"]
[Result "0-1"]
[WhiteElo "2158"]
[BlackElo "2520"]
[PlyCount "100"]
[EventDate "2006.01.02"]

1.e4 c5 2.Nf3 e6 3.d4 cxd4 4.Nxd4 a6 5.c4 Nf6 6.Nc3 Qc7 7.Bd3 Nc6 8.Nxc6 
dxc6 9.Qe2 e5 10.O-O Bc5 11.Be3 Bxe3 12.Qxe3 O-O 13.Be2 Be6 14.f4 exf4 15.
Rxf4 Nd7 16.Rd1 Ne5 17.b3 b5 18.cxb5 axb5 19.Rff1 Rfe8 20.Qc5 Qa7 21.Qxa7 
Rxa7 22.Rd6 Kf8 23.Rfd1 Ke7 24.Bf3 Rea8 25.R1d2 b4 26.Na4 Rxa4 27.bxa4 
Rxa4 28.Bd1 Ra3 29.Bb3 Bxb3 30.axb3 Rxb3 31.R6d4 f6 32.Ra2 Ke6 33.Rd8 Re3 
34.Rd4 b3 35.Rad2 c5 36.Rd6+ Kf7 37.Kf2 Ng4+ 38.Kf1 Nxh2+ 39.Kg1 Ng4 40.
Rd7+ Kg6 41.Kf1 c4 42.Rc7 Ne5 43.Kf2 Rxe4 44.Rd8 b2 45.Rb8 Nd3+ 46.Kf3 Re1
47.Rbb7 Ne5+ 48.Kf4 Rf1+ 49.Ke3 b1=Q 50.Rxg7+ Kf5 0-1

[Event "XII Open A"]
[Site "Verona ITA"]
[Date "2006.01.06"]
[Round "6"]
[White "Caruso, Augusto"]
[Black "Opacic, Alexandar"]
[Result "1-0"]
[WhiteElo "2232"]
[BlackElo "2104"]
[PlyCount "67"]
[EventDate "2006.01.02"]

1.Nc3 d5 2.e4 dxe4 3.Nxe4 Nf6 4.Nxf6+ exf6 5.d4 Bd6 6.Bd3 Nc6 7.c3 Ne7 8.
Qc2 c6 9.Bd2 Qc7 10.O-O-O Bd7 11.Ne2 a5 12.Ng3 a4 13.Ne4 Bf4 14.Rde1 Be6 
15.Kb1 b6 16.c4 Bxd2 17.Nxd2 Ra5 18.g4 h6 19.h4 h5 20.g5 fxg5 21.hxg5 Rxg5
22.Nf3 Qf4 23.Nxg5 Qxg5 24.d5 cxd5 25.Qxa4+ Kd8 26.Rhg1 Qd2 27.Qa8+ Nc8 
28.Rd1 Qxf2 29.Rgf1 Qg3 30.Be4 f6 31.Bxd5 Bxd5 32.Rxd5+ Kc7 33.Rfd1 Qg4 
34.c5 1-0

[Event "XII Open A"]
[Site "Verona ITA"]
[Date "2006.01.06"]
[Round "6"]
[White "Chierici, Marianna"]
[Black "Barberi, Alessandro"]
[Result "0-1"]
[WhiteElo "1934"]
[BlackElo "2113"]
[PlyCount "120"]
[EventDate "2006.01.02"]

1.e4 g6 2.Nf3 Bg7 3.d4 d6 4.Nc3 Nd7 5.Bc4 e6 6.O-O Ne7 7.Be3 a6 8.a4 b6 9.
Bb3 h6 10.Ne2 Bb7 11.Ng3 Nf6 12.Nd2 h5 13.f3 h4 14.Ne2 Qd7 15.c3 Bh6 16.
Bxh6 Rxh6 17.Ba2 g5 18.Qc2 d5 19.exd5 Nfxd5 20.Bxd5 Nxd5 21.Rf2 g4 22.Ne4 
f5 23.Nd2 O-O-O 24.Nc4 g3 25.hxg3 hxg3 26.Nxg3 Rg8 27.Qd2 Qh7 28.Kf1 Rxg3 
29.Ke2 Rh2 30.Rg1 Qg7 31.Kd1 f4 32.Qe2 Qg6 33.Kc1 Kb8 34.Ne5 Qf5 35.Ng4 
Rh8 36.Re1 Re8 37.Qd2 Rxg4 38.fxg4 Qxg4 39.Re4 Rh8 40.Qe2 Rh1+ 41.Kd2 Qg5 
42.Re5 Qg6 43.Qe4 Qxe4 44.Rxe4 Nxc3 45.Rxe6 Ne4+ 46.Rxe4 Bxe4 47.Rxf4 Bxg2
48.Rg4 Rh2 49.Kc1 Kb7 50.Rg3 Kc6 51.Rc3+ Kd6 52.Kb1 c6 53.a5 b5 54.Rg3 Kd5
55.Rg8 Kxd4 56.Ra8 Bd5 57.Rf8 b4 58.Rf4+ Be4+ 59.Ka2 Ke3 60.Rf8 Bd5+ 0-1

[Event "XII Open A"]
[Site "Verona ITA"]
[Date "2006.01.06"]
[Round "6"]
[White "Danieli, Enrico"]
[Black "Sciortino, Massimo"]
[Result "1-0"]
[WhiteElo "2164"]
[BlackElo "2260"]
[PlyCount "119"]
[EventDate "2006.01.02"]

1.Nf3 d6 2.d4 Nf6 3.Nc3 g6 4.e4 Bg7 5.Be2 O-O 6.O-O Bg4 7.Be3 Nc6 8.Qd2 e5
9.dxe5 dxe5 10.Rad1 Qc8 11.Qc1 a6 12.h3 Bxf3 13.Bxf3 Rd8 14.Ne2 Qe6 15.a3 
Qc4 16.b3 Qe6 17.Rxd8+ Rxd8 18.Rd1 Qe7 19.Rxd8+ Nxd8 20.Qd2 Ne6 21.b4 h5 
22.Nc3 Kh7 23.Nd5 Nxd5 24.exd5 Nd4 25.Bd1 Nb5 26.a4 Nd4 27.c3 Nf5 28.Bc2 
e4 29.Bf4 Bh6 30.Bxh6 Nxh6 31.Qf4 f5 32.c4 g5 33.Qd2 Nf7 34.c5 Qe5 35.Bb3 
Qa1+ 36.Kh2 Qe5+ 37.Kg1 Qa1+ 38.Kh2 Qb1 39.Bc4 Qa1 40.d6 Qe5+ 41.g3 Nxd6 
42.cxd6 cxd6 43.Qxg5 d5 44.Qxh5+ Kg7 45.Qg5+ Kf7 46.Be2 d4 47.Bc4+ Ke8 48.
Qg8+ Kd7 49.Qd5+ Qxd5 50.Bxd5 b5 51.axb5 axb5 52.h4 Kd6 53.Bb3 Ke5 54.Kg2 
f4 55.gxf4+ Kxf4 56.Bd1 d3 57.h5 Kg5 58.Kg3 Kf5 59.h6 Kf6 60.Kf4 1-0

[Event "XII Open A"]
[Site "Verona ITA"]
[Date "2006.01.06"]
[Round "6"]
[White "Dvirnyy, Danyyil"]
[Black "Rombaldoni, Axel"]
[Result "1-0"]
[WhiteElo "2265"]
[BlackElo "2123"]
[PlyCount "55"]
[EventDate "2006.01.02"]

1.e4 c5 2.Nf3 Nc6 3.d4 cxd4 4.Nxd4 Nf6 5.Nc3 d6 6.Bc4 e6 7.Bb3 Be7 8.Be3 
a6 9.f3 Qc7 10.Qe2 O-O 11.O-O-O Nd7 12.g4 Nc5 13.g5 b5 14.h4 Bb7 15.Kb1 b4
16.Na4 Ne5 17.Qh2 Nxa4 18.Bxa4 Nc4 19.Bc1 Nb6 20.Bb3 a5 21.h5 a4 22.g6 
axb3 23.h6 bxc2+ 24.Nxc2 Qc4 25.gxh7+ Kh8 26.hxg7+ Kxg7 27.h8=B+ Rxh8 28.
Qg1+ 1-0

[Event "XII Open A"]
[Site "Verona ITA"]
[Date "2006.01.06"]
[Round "6"]
[White "Godena, Michele"]
[Black "Shytaj, Luca"]
[Result "0-1"]
[WhiteElo "2505"]
[BlackElo "2425"]
[PlyCount "58"]
[EventDate "2006.01.02"]

1.e4 c5 2.Nf3 d6 3.Bc4 e6 4.O-O Nf6 5.Re1 Be7 6.Bb3 O-O 7.c3 Nbd7 8.d4 b6 
9.e5 Nd5 10.exd6 Bxd6 11.Bg5 Qc7 12.Na3 a6 13.dxc5 Nxc5 14.Bxd5 exd5 15.
Nc2 Ne4 16.Qxd5 Bb7 17.Qf5 Rae8 18.Be3 Nf6 19.Bd4 Be4 20.Rxe4 Nxe4 21.Re1 
Qb7 22.Ne3 Bc5 23.Nd5 Bxd4 24.cxd4 g6 25.Nf6+ Nxf6 26.Qxf6 Rxe1+ 27.Nxe1 
Qe4 28.Qe5 Qxe5 29.dxe5 Rd8 0-1

[Event "XII Open A"]
[Site "Verona ITA"]
[Date "2006.01.06"]
[Round "6"]
[White "Ivanov, Mikhail M."]
[Black "Skembris, Spyridon"]
[Result "1-0"]
[WhiteElo "2447"]
[BlackElo "2451"]
[PlyCount "112"]
[EventDate "2006.01.02"]

1.d4 Nf6 2.Nf3 e6 3.c4 b6 4.Bf4 Bb7 5.e3 Bb4+ 6.Nbd2 O-O 7.a3 Be7 8.h3 c5 
9.Nb3 d6 10.Bh2 a5 11.Rc1 Nbd7 12.Be2 a4 13.Nbd2 cxd4 14.exd4 e5 15.O-O 
Ra5 16.c5 bxc5 17.dxe5 dxe5 18.Nc4 Ra7 19.Nfxe5 Nxe5 20.Bxe5 Nd7 21.Bf4 
Bg5 22.Qd2 Bxf4 23.Qxf4 Ba6 24.Rfd1 Qb8 25.Qxb8 Rxb8 26.Rd2 g6 27.Ne3 Bxe2
28.Rxe2 Rab7 29.Rd2 Nf6 30.Nc4 Rd7 31.Rcd1 Rxd2 32.Rxd2 Kg7 33.Rd6 Re8 34.
Ra6 Re1+ 35.Kh2 Re2 36.Rxa4 Rxf2 37.Ra7 Nd5 38.a4 g5 39.Rd7 Nf4 40.Rd2 Rf1
41.a5 Ra1 42.Na3 Re1 43.a6 Re6 44.a7 Ra6 45.Nb5 Ne6 46.Rd3 Nc7 47.Nxc7 
Rxa7 48.Nd5 c4 49.Rd2 Rd7 50.g4 h5 51.gxh5 Kh6 52.Kg3 f5 53.Kf2 f4 54.Kf3 
Ra7 55.Kg4 Ra1 56.Kf5 f3 1-0

[Event "XII Open A"]
[Site "Verona ITA"]
[Date "2006.01.06"]
[Round "6"]
[White "Kafka, Graeme"]
[Black "Trabert, Bettina"]
[Result "0-1"]
[WhiteElo "2135"]
[BlackElo "2276"]
[PlyCount "83"]
[EventDate "2006.01.02"]

1.e4 e5 2.Nf3 Nc6 3.Bb5 Nge7 4.c3 d6 5.d4 Bd7 6.O-O Ng6 7.Be3 Be7 8.Nbd2 
O-O 9.dxe5 dxe5 10.Nb3 a6 11.Bc4 Bg4 12.Nc5 Qc8 13.h3 Bh5 14.g4 Bxg4 15.
hxg4 Qxg4+ 16.Kh1 Nh4 17.Nxh4 Qxh4+ 18.Kg1 Rad8 19.Qf3 Rd6 20.Ne6 fxe6 21.
Qg3 Qxe4 22.Bb3 Rf6 23.Qh3 Rg6+ 24.Kh2 Qh4 25.Rg1 Qxh3+ 26.Kxh3 Rxg1 27.
Rxg1 Kf7 28.Kg4 Bf6 29.Rh1 h6 30.Bc2 Ne7 31.Be4 c6 32.Rh2 Rd1 33.Kf3 Nf5 
34.Bc5 Rd2 35.Ba3 Be7 36.Bxf5 exf5 37.Ke3 Bg5+ 38.Kf3 e4+ 39.Kg3 Be7 40.
Kf4 Bxa3 41.bxa3 Kf6 42.Rh3 0-1